Des cas perplexes en droit. (De casibus perplexis in jure).
Salvato in:
| Autore principale: | |
|---|---|
| Natura: | Libro |
| Pubblicazione: |
Paris, France:
Librairie philosophique J. Vrin,
2009.
|
| Serie: | Bibliothèque Des Textes Philosophiques.
|
| Soggetti: | |
| Tags: |
Aggiungi Tag
Nessun Tag, puoi essere il primo ad aggiungerne!!
|
MARC
| LEADER | 00000nam a22000007a 4500 | ||
|---|---|---|---|
| 003 | CL-VaPUC | ||
| 005 | 20220822114530.0 | ||
| 008 | 220630t2009 ||||| |||| 00| 0 eng d | ||
| 999 | |c 436543 |d 436541 | ||
| 020 | |a 978-2-7116-245-3 | ||
| 040 | |c Pontificia Universidad Católica de Valparaíso | ||
| 082 | 7 | |a 340.1 LEI 2009 |2 22 | |
| 100 | |a Leibniz, Gottfried Wilhelm |9 429654 |e auteur | ||
| 245 | |a Des cas perplexes en droit. |b (De casibus perplexis in jure). | ||
| 260 | |a Paris, France: |b Librairie philosophique J. Vrin, |c 2009. | ||
| 300 | |a 356 páginas. | ||
| 490 | |a Bibliothèque Des Textes Philosophiques. | ||
| 500 | |a c.1 Donación Familia Prof. Alejandro Guzmán Brito. | ||
| 583 | |c 20220630 |k Catalogador Asistente | ||
| 650 | |a Positivismo jurídico |9 255992 | ||
| 650 | |a Derecho |x Filosofía |9 866192 | ||
| 650 | |a Lógica jurídica |9 255966 | ||
| 942 | |2 ddc |c BK |n 0 | ||
| 952 | |0 0 |1 0 |2 ddc |4 0 |6 340_100000000000000_LEI_2009 |7 1 |8 C_AGB |9 584219 |a BIBDER |b BIBDER |d 2022-06-30 |e Donación |i 5652376 |o 340.1 LEI 2009 |p 5652376 |r 2023-01-25 |t 1 |w 2022-06-30 |y BK_US |k AGB | ||